[Event "European Blitz-ch 2018"]
[Site "Skopje"]
[Date "2018.12.06"]
[Round "3"]
[White "Jovic, Stanoje"]
[Black "Laznicka, Viktor"]
[Result "1-0"]
[WhiteElo "2240"]
[BlackElo "2675"]
[Annotator "TA"]
[PlyCount "69"]
[EventDate "2018.12.06"]
[EventType "swiss"]
[EventCountry "MKD"]
[SourceTitle "playchess.com"]
[Source "ChessBase"]
[SourceQuality "1"]

1. c4 c6 2. e4 d5 3. exd5 cxd5 4. cxd5 Nf6 5. Qa4+ Nbd7 6. Nc3 g6 7. Bc4 Bg7 8. d3 O-O 9. Nf3 a6 10. Qa3 b6 11. O-O Bb7 12. Re1 Re8 13. d6 e6 14. Ng5 b5 15. Bb3 Rc8 16. Nge4 Ng4 17. Bf4 Qb6 18. Qb4 Bxc3 19. bxc3 Bxe4 20. Qxe4 Nxf2 21. Qe3 Nxd3 22. Qxb6 Nxb6 23. Be3 Nd7 24. Red1 N3c5 25. Bc2 Rc6 26. a4 bxa4 27. Rxa4 Nxa4 28. Bxa4 Rec8 29. c4 f5 30. Bxc6 Rxc6 31. c5 Kf7 32. Rb1 e5 33. Rb7 Ke6 34. Rc7 Nb8 35. Re7+ 1-0

[Event "European Blitz-ch 2018"]
[Site "Skopje"]
[Date "2018.12.06"]
[Round "3"]
[White "Arutyunova, Diana"]
[Black "Popov, Valerij"]
[Result "0-1"]
[WhiteElo "2227"]
[BlackElo "2532"]
[Annotator "TA"]
[PlyCount "118"]
[EventDate "2018.12.06"]
[EventType "swiss"]
[EventCountry "MKD"]
[SourceTitle "playchess.com"]
[Source "ChessBase"]
[SourceQuality "1"]

1. e4 c5 2. Nf3 d6 3. d4 Nf6 4. Nc3 cxd4 5. Nxd4 a6 6. Be2 e5 7. Nb3 Be7 8. a4 Be6 9. O-O Nbd7 10. a5 O-O 11. Be3 Rc8 12. Nd2 Qc7 13. Ra4 d5 14. exd5 Nxd5 15. Nxd5 Bxd5 16. c4 Bc6 17. Ra1 f5 18. f3 Kh8 19. Qb1 Bb4 20. Nb3 Qd6 21. Rd1 Qe7 22. Bd2 Bd6 23. Nc1 e4 24. Re1 Qh4 25. f4 Bxf4 26. Bxf4 Qxf4 27. b4 Qe3+ 28. Kh1 Qf2 29. Rf1 Qh4 30. b5 axb5 31. cxb5 Bd5 32. Qb4 Nc5 33. Qd4 Be6 34. a6 Qd8 35. Qxd8 Rfxd8 36. axb7 Rb8 37. Ra6 Bd7 38. Rc6 Nxb7 39. Rb6 Nc5 40. Rd6 Rdc8 41. Rfd1 g6 42. Na2 Be8 43. Nc3 Kg7 44. b6 Rc6 45. Rxc6 Bxc6 46. Rd6 Be8 47. Nd5 Nd7 48. Rc6 Kf7 49. Rc7 Ke6 50. Bc4 Kd6 51. b7 Nb6 52. Rxh7 Nxd5 53. Bxd5 Kxd5 54. Kg1 Bc6 55. Rg7 Rxb7 56. Rxg6 e3 57. Kf1 Rb2 58. Rg5 Bb5+ 59. Ke1 Rb1# 0-1

[Event "European Blitz-ch 2018"]
[Site "Skopje"]
[Date "2018.12.06"]
[Round "4"]
[White "Ragger, Markus"]
[Black "Degtiarev, Evgeny"]
[Result "1/2-1/2"]
[WhiteElo "2687"]
[BlackElo "2392"]
[Annotator "TA"]
[PlyCount "78"]
[EventDate "2018.12.06"]
[EventType "swiss"]
[EventCountry "MKD"]

1. e4 e5 2. Nf3 Nc6 3. Bc4 Bc5 4. c3 Nf6 5. d3 d6 6. O-O a5 7. Re1 O-O 8. Bg5 Be6 9. Bb5 h6 10. Bh4 g5 11. Bg3 Bg4 12. h3 Bh5 13. Nbd2 Ne8 14. Nf1 Ng7 15. Bh2 f5 16. exf5 Bxf3 17. Qxf3 Rxf5 18. Qd5+ Kh8 19. Ne3 Rf8 20. Bxc6 bxc6 21. Qxc6 Rb8 22. Bxe5 Bxe3 23. Bxg7+ Kxg7 24. fxe3 Rxb2 25. Rf1 Rxf1+ 26. Rxf1 Qe7 27. e4 Rxa2 28. Qd5 Rd2 29. h4 a4 30. Qf5 a3 31. h5 Qe8 32. Qf6+ Kh7 33. Qf5+ Kg7 34. e5 dxe5 35. Qf6+ Kh7 36. Qf5+ Kg7 37. Qf6+ Kh7 38. Qf5+ Kg7 39. Qf6+ Kh7 1/2-1/2

[Event "European Blitz-ch 2018"]
[Site "Skopje"]
[Date "2018.12.06"]
[Round "4"]
[White "Laznicka, Viktor"]
[Black "Jovic, Stanoje"]
[Result "1-0"]
[WhiteElo "2675"]
[BlackElo "2240"]
[Annotator "TA"]
[PlyCount "61"]
[EventDate "2018.12.06"]
[EventType "swiss"]
[EventCountry "MKD"]
[SourceTitle "playchess.com"]
[Source "ChessBase"]
[SourceQuality "1"]

1. d4 Nf6 2. Bf4 e6 3. e3 c5 4. Nf3 Nc6 5. c3 d5 6. Nbd2 Bd6 7. Bg3 O-O 8. Ne5 Qc7 9. f4 a6 10. Bd3 b5 11. Bh4 Be7 12. Qc2 g6 13. O-O Bb7 14. Rf3 Rac8 15. Qd1 b4 16. Rg3 Nxe5 17. fxe5 Ne4 18. Bxe7 Qxe7 19. Bxe4 dxe4 20. Nc4 cxd4 21. Qxd4 bxc3 22. bxc3 f5 23. Nd6 Rc7 24. Rb1 Rd8 25. c4 Bc6 26. Rh3 Be8 27. g4 Qg5 28. Rg3 h5 29. gxf5 Qh4 30. f6 Kh7 31. Qb6 1-0

[Event "European Blitz-ch 2018"]
[Site "Skopje"]
[Date "2018.12.06"]
[Round "4"]
[White "Guseinov, Gadir"]
[Black "Novoselski, Zoran"]
[Result "1-0"]
[WhiteElo "2664"]
[BlackElo "2339"]
[Annotator "TA"]
[PlyCount "63"]
[EventDate "2018.12.06"]
[EventType "swiss"]
[EventCountry "MKD"]
[SourceTitle "playchess.com"]
[Source "ChessBase"]
[SourceQuality "1"]

1. e4 e5 2. Nf3 Nc6 3. Bb5 a6 4. Bxc6 dxc6 5. O-O Bd6 6. c3 f6 7. d4 Bg4 8. dxe5 Bxe5 9. Qxd8+ Rxd8 10. Nxe5 fxe5 11. Nd2 Be2 12. Re1 Bd3 13. Nf3 Nf6 14. Nxe5 O-O 15. Nxd3 Rxd3 16. f3 Nd7 17. Be3 Ne5 18. Bd4 Ng6 19. Rad1 Rxd1 20. Rxd1 Rd8 21. Rd2 Ne5 22. Be3 Rxd2 23. Bxd2 Kf7 24. Kf1 Ke6 25. Ke2 c5 26. Bf4 Nc4 27. b3 Na3 28. Bxc7 c4 29. Ba5 cxb3 30. axb3 Nb5 31. Kd3 Nd6 32. c4 1-0

[Event "European Blitz-ch 2018"]
[Site "Skopje"]
[Date "2018.12.06"]
[Round "4"]
[White "Anton Guijarro, David"]
[Black "Marjanovic, Dejan"]
[Result "1/2-1/2"]
[WhiteElo "2642"]
[BlackElo "2400"]
[Annotator "TA"]
[PlyCount "146"]
[EventDate "2018.12.06"]
[EventType "swiss"]
[EventCountry "MKD"]
[SourceTitle "playchess.com"]
[Source "ChessBase"]
[SourceQuality "1"]

1. Nf3 Nf6 2. b3 g6 3. Bb2 Bg7 4. g3 O-O 5. Bg2 d6 6. d4 c5 7. c4 cxd4 8. Nxd4 d5 9. cxd5 Nxd5 10. O-O Nb4 11. Na3 N8a6 12. Nc4 Nc5 13. a3 Nbd3 14. exd3 Bxd4 15. Qc2 Bf5 16. Be4 Bh3 17. Rfe1 Rc8 18. a4 b6 19. Rad1 Bg4 20. Rd2 Ne6 21. Bg2 Bxb2 22. Qxb2 Nd4 23. Re3 Be6 24. Re4 Nf5 25. h4 Bd5 26. Re5 Bxg2 27. Kxg2 f6 28. Re4 e5 29. Ne3 Nd6 30. Rg4 f5 31. Rb4 a5 32. Rc4 Nxc4 33. dxc4 Qe7 34. Nd5 Qe6 35. Re2 Rfe8 36. Qd2 Rcd8 37. Qg5 Rxd5 38. cxd5 Qxd5+ 39. Kh2 Qxb3 40. Qf6 Qe6 41. Qg5 Kg7 42. Rc2 Re7 43. Rd2 h6 44. Qe3 Qf6 45. Qc3 e4 46. Qc8 f4 47. Rd8 fxg3+ 48. fxg3 Rf7 49. Rd7 Qf2+ 50. Kh1 Qf1+ 51. Kh2 Qf2+ 52. Kh1 Qf5 53. Qc3+ Kh7 54. Rxf7+ Qxf7 55. Qe5 Qb7 56. Kh2 h5 57. Qe6 Kg7 58. Qe5+ Kf7 59. Kg1 Qc6 60. Qf4+ Ke7 61. Qe5+ Qe6 62. Qc7+ Kf6 63. Qf4+ Ke7 64. Qc7+ Ke8 65. Qb8+ Kd7 66. Qb7+ Ke8 67. Qb8+ Ke7 68. Qc7+ Kf6 69. Qf4+ Kg7 70. Qc7+ Kh6 71. Qf4+ Kh7 72. Qc7+ Kh8 73. Qd8+ Kg7 1/2-1/2

[Event "European Blitz-ch 2018"]
[Site "Skopje"]
[Date "2018.12.06"]
[Round "4"]
[White "Fridman, Daniel"]
[Black "Papakonstantinou, Dimitrios"]
[Result "1-0"]
[WhiteElo "2633"]
[BlackElo "2308"]
[Annotator "TA"]
[PlyCount "69"]
[EventDate "2018.12.06"]
[EventType "swiss"]
[EventCountry "MKD"]

1. d4 Nf6 2. Nf3 g6 3. c4 Bg7 4. g3 O-O 5. Bg2 d6 6. Nc3 Nbd7 7. O-O e5 8. e4 a6 9. h3 exd4 10. Nxd4 Re8 11. Be3 Rb8 12. b3 c5 13. Nde2 b5 14. Qxd6 b4 15. Na4 Nxe4 16. Bxe4 Rxe4 17. Rad1 Bf8 18. Qd3 Qe8 19. Nf4 Nf6 20. Bxc5 Bf5 21. Bxf8 Qxf8 22. Qd6 Qxd6 23. Rxd6 Kg7 24. Nc5 Re5 25. Nxa6 Rb7 26. c5 g5 27. Nd3 Re2 28. Naxb4 Bxh3 29. c6 Rc7 30. Rc1 Ne4 31. Rd5 h6 32. Re1 Rxe1+ 33. Nxe1 Nc3 34. Re5 Kf6 35. Re3 1-0

[Event "European Blitz-ch 2018"]
[Site "Skopje"]
[Date "2018.12.06"]
[Round "4"]
[White "Lagarde, Maxime"]
[Black "Timerkhanov, Alexander"]
[Result "1-0"]
[WhiteElo "2616"]
[BlackElo "2366"]
[Annotator "TA"]
[PlyCount "59"]
[EventDate "2018.12.06"]
[EventType "swiss"]
[EventCountry "MKD"]

1. e4 c5 2. Nf3 d6 3. d4 cxd4 4. Qxd4 Nc6 5. Bb5 Bd7 6. Bxc6 Bxc6 7. Nc3 e6 8. Bg5 Nf6 9. Qd3 Be7 10. Nd4 Rc8 11. O-O-O Qa5 12. h4 O-O 13. f4 Rfe8 14. f5 Bd7 15. Nb3 Qe5 16. Rhf1 Rxc3 17. bxc3 Bb5 18. c4 d5 19. Qd4 Ba3+ 20. Kb1 Qxd4 21. Nxd4 Bxc4 22. Rf3 Bb4 23. Bxf6 gxf6 24. fxe6 fxe6 25. exd5 Bxd5 26. Rxf6 Kg7 27. Rf4 Bc5 28. Rg4+ Kh6 29. Rg5 Be4 30. Rxc5 1-0

[Event "European Blitz-ch 2018"]
[Site "Skopje"]
[Date "2018.12.06"]
[Round "4"]
[White "Erdos, Viktor"]
[Black "Dimitrov, Pavel"]
[Result "1-0"]
[WhiteElo "2605"]
[BlackElo "2331"]
[Annotator "TA"]
[PlyCount "171"]
[EventDate "2018.12.06"]
[EventType "swiss"]
[EventCountry "MKD"]
[SourceTitle "playchess.com"]
[Source "ChessBase"]
[SourceQuality "1"]

1. Nf3 f5 2. d3 Nf6 3. e4 d6 4. exf5 Bxf5 5. d4 c6 6. Bd3 Qc8 7. Bg5 Ne4 8. Qe2 Nxg5 9. Nxg5 Bxd3 10. Qxd3 Qg4 11. Qg3 Qxg3 12. hxg3 h6 13. Nc3 Na6 14. Ne6 Kd7 15. Nf4 g5 16. Ng6 Rh7 17. Ne4 Rg7 18. Nxf8+ Rxf8 19. Rxh6 g4 20. Ke2 Rgf7 21. Rf1 Nb4 22. c3 Nd5 23. f4 gxf3+ 24. gxf3 Rg7 25. c4 Nc7 26. Ke3 b6 27. g4 Rxg4 28. fxg4 Rxf1 29. Rh7 Re1+ 30. Kd3 Rf1 31. Ke2 Rf4 32. Ke3 Rf8 33. g5 Ne6 34. g6 Ke8 35. d5 cxd5 36. cxd5 Nc7 37. Nxd6+ Kd7 38. Ne4 Nxd5+ 39. Kd4 Nf4 40. g7 Ne6+ 41. Ke5 Rg8 42. Rh1 Nxg7 43. Rg1 Ke8 44. Nc3 Kf7 45. Nd5 Ne8 46. Rxg8 Kxg8 47. Nxe7+ Kf7 48. Nc8 Nc7 49. Kd6 Nb5+ 50. Kc6 Nd4+ 51. Kb7 Ke6 52. Nxa7 b5 53. Kb6 b4 54. Kc5 b3 55. a4 Ne2 56. Nb5 Kd7 57. Nd4 Nc3 58. Kb4 Nd5+ 59. Kxb3 Nc7 60. Kc4 Ne8 61. Nb5 Kc6 62. b4 Nf6 63. Nd4+ Kb7 64. a5 Ne4 65. Ne6 Nd6+ 66. Kd5 Nb5 67. Nc5+ Kc7 68. Ne4 Na7 69. Kc5 Nc6 70. Nc3 Ne5 71. Nd5+ Kb7 72. b5 Nd3+ 73. Kd6 Nb2 74. a6+ Ka7 75. Kc7 Na4 76. Ne7 Nc5 77. Nc8+ Ka8 78. Kc6 Nxa6 79. bxa6 Kb8 80. Kb6 Ka8 81. Nd6 Kb8 82. Nb5 Ka8 83. Nc7+ Kb8 84. a7+ Kc8 85. a8=Q+ Kd7 86. Qe8+ 1-0

[Event "European Blitz-ch 2018"]
[Site "Skopje"]
[Date "2018.12.06"]
[Round "4"]
[White "Perunovic, Milos"]
[Black "Pershin, Denis"]
[Result "0-1"]
[WhiteElo "2597"]
[BlackElo "2400"]
[Annotator "TA"]
[PlyCount "66"]
[EventDate "2018.12.06"]
[EventType "swiss"]
[EventCountry "MKD"]

1. e4 c6 2. d4 d5 3. e5 Bf5 4. h4 Qb6 5. a4 a5 6. Ne2 h5 7. Ng3 Bg6 8. Be2 e6 9. Nxh5 c5 10. Nf4 Bh7 11. Bb5+ Nc6 12. c3 cxd4 13. cxd4 Bxb1 14. Rxb1 Bb4+ 15. Kf1 Nge7 16. g4 O-O-O 17. Be3 g5 18. Nh5 gxh4 19. Rxh4 Kb8 20. Rc1 Ka8 21. Kg2 Rdg8 22. Rh3 Nf5 23. Nf6 Rxh3 24. Kxh3 Rh8+ 25. Kg2 Nxe3+ 26. fxe3 Nxe5 27. dxe5 Qxe3 28. Nh5 Qxe5 29. Qe2 Qg5 30. Rh1 Bd6 31. Bd3 f5 32. Qf3 fxg4 33. Qf6 Qd2+ 0-1

[Event "European Blitz-ch 2018"]
[Site "Skopje"]
[Date "2018.12.06"]
[Round "4"]
[White "Saric, Ante"]
[Black "Kourkoulos-Arditis, Stamatis"]
[Result "1-0"]
[WhiteElo "2533"]
[BlackElo "2424"]
[Annotator "TA"]
[PlyCount "117"]
[EventDate "2018.12.06"]
[EventType "swiss"]
[EventCountry "MKD"]
[SourceTitle "playchess.com"]
[Source "ChessBase"]
[SourceQuality "1"]

1. Nf3 Nf6 2. c4 g6 3. Nc3 Bg7 4. e4 O-O 5. d4 d6 6. Be2 e5 7. O-O Na6 8. Re1 Qe8 9. Bg5 exd4 10. Qxd4 Ng4 11. Qd2 Nc5 12. Bf1 f6 13. Bh4 Qf7 14. Nd4 Ne5 15. b3 f5 16. exf5 Bxf5 17. Nxf5 Qxf5 18. Nd5 Qf7 19. Rad1 Kh8 20. f4 Nc6 21. Bf2 Ne6 22. Rxe6 Qxe6 23. Nxc7 Qf5 24. Nxa8 Rxa8 25. g3 Rd8 26. Bg2 Qf7 27. Re1 Bf6 28. Rd1 Qg7 29. Bxc6 bxc6 30. Bd4 Kg8 31. Bxf6 Qxf6 32. Qd4 Qe7 33. Qf2 Re8 34. Kf1 Qe4 35. Kg1 a5 36. Qd4 Qe2 37. Qd2 Qe4 38. Qg2 Qe3+ 39. Kh1 Qe2 40. Qxe2 Rxe2 41. Rxd6 Rxa2 42. Rxc6 Rb2 43. Rc5 Ra2 44. Rc7 Rb2 45. Ra7 Rxb3 46. Rxa5 Rb2 47. Ra7 Rc2 48. Rc7 h6 49. c5 Kf8 50. c6 g5 51. f5 g4 52. Rc8+ Ke7 53. c7 Kd7 54. Rh8 Kxc7 55. Rxh6 Rf2 56. Rg6 Rxf5 57. Rxg4 Rf2 58. Rf4 Ra2 59. Kg1 1-0

[Event "European Blitz-ch 2018"]
[Site "Skopje"]
[Date "2018.12.06"]
[Round "4"]
[White "Ruck, Robert"]
[Black "Bartel, Michal"]
[Result "1-0"]
[WhiteElo "2512"]
[BlackElo "2306"]
[Annotator "TA"]
[PlyCount "129"]
[EventDate "2018.12.06"]
[EventType "swiss"]
[EventCountry "MKD"]
[SourceTitle "playchess.com"]
[Source "ChessBase"]
[SourceQuality "1"]

1. Nf3 d5 2. g3 Nf6 3. Bg2 Nbd7 4. c4 c6 5. O-O e5 6. d4 e4 7. Ne5 Bd6 8. Bf4 Qe7 9. Nxd7 Bxd7 10. Bg5 O-O 11. Nc3 Be6 12. cxd5 cxd5 13. Qb3 h6 14. Bxf6 Qxf6 15. e3 b6 16. Rfc1 Rfc8 17. Nb5 Qe7 18. Bf1 Qd7 19. Nc3 h5 20. Ba6 Rd8 21. Nb5 Bb8 22. Rc3 h4 23. Rac1 Qe7 24. Nc7 Bxc7 25. Rxc7 Qg5 26. Qb4 g6 27. Qe7 Qg4 28. Qf6 h3 29. Qf4 Qh5 30. Kf1 Bg4 31. Ke1 Rd7 32. Qf6 Rxc7 33. Rxc7 Be6 34. Be2 Qh8 35. Qxh8+ Kxh8 36. Kd2 Kg7 37. Kc3 Kf8 38. Kb4 Ke8 39. Kb5 Kd8 40. Rc3 Kd7 41. Ka6 f5 42. Kb7 Rf8 43. Kxa7 g5 44. Bb5+ Kd6 45. Rc6+ Ke7 46. Kxb6 Bd7 47. Rc5 Rb8+ 48. Ka5 Ra8+ 49. Kb4 Rxa2 50. Kb3 Ra1 51. Bxd7 Kxd7 52. Rxd5+ Ke6 53. Re5+ Kf6 54. g4 fxg4 55. Rxe4 Rh1 56. Rxg4 Rxh2 57. Rg3 Kf5 58. f3 Rh1 59. d5 h2 60. Rh3 Ke5 61. e4 Kd6 62. Rh6+ Ke5 63. d6 Rf1 64. Rxh2 Rxf3+ 65. Kc4 1-0

[Event "European Blitz-ch 2018"]
[Site "Skopje"]
[Date "2018.12.06"]
[Round "4"]
[White "Van Foreest, Lucas"]
[Black "Andonovski, Ljubisa"]
[Result "1-0"]
[WhiteElo "2500"]
[BlackElo "2287"]
[Annotator "TA"]
[PlyCount "87"]
[EventDate "2018.12.06"]
[EventType "swiss"]
[EventCountry "MKD"]

1. e4 c6 2. d4 d5 3. exd5 cxd5 4. Bd3 Nc6 5. c3 Qc7 6. Ne2 Bg4 7. Qb3 Bxe2 8. Bxe2 e6 9. Nd2 Bd6 10. Nf3 Nf6 11. O-O O-O 12. Bd3 Rab8 13. a4 a6 14. Re1 Bf4 15. Bxf4 Qxf4 16. a5 Qc7 17. Qa3 Rfe8 18. g3 e5 19. Nxe5 Nxe5 20. dxe5 Rxe5 21. Rxe5 Qxe5 22. Qc5 Nd7 23. Qd4 Qxd4 24. cxd4 Rc8 25. Bf5 Rc7 26. Bxd7 Rxd7 27. Rc1 Kf8 28. Rc8+ Ke7 29. Rh8 h6 30. Rg8 Kf6 31. Rc8 Re7 32. Kf1 Re4 33. Rc7 Rxd4 34. Rxb7 Ra4 35. Rb6+ Ke5 36. Rxa6 Ke4 37. b3 Ra2 38. Ra7 d4 39. b4 d3 40. Rd7 Ra4 41. a6 Rxa6 42. Kg2 Ra4 43. Rxf7 Rxb4 44. Rf4+ 1-0

[Event "European Blitz-ch 2018"]
[Site "Skopje"]
[Date "2018.12.06"]
[Round "4"]
[White "Blagojevic, Dragisa"]
[Black "Blohberger, Felix"]
[Result "0-1"]
[WhiteElo "2497"]
[BlackElo "2447"]
[Annotator "TA"]
[PlyCount "66"]
[EventDate "2018.12.06"]
[EventType "swiss"]
[EventCountry "MKD"]

1. d4 Nf6 2. c4 e6 3. Nf3 Bb4+ 4. Bd2 a5 5. g3 b6 6. Bg2 Bb7 7. O-O Bxd2 8. Qxd2 O-O 9. Nc3 d6 10. d5 e5 11. e4 Nbd7 12. Nh4 Nc5 13. Nf5 Bc8 14. Ne3 Ng4 15. Nxg4 Bxg4 16. f4 exf4 17. gxf4 f6 18. Rae1 Qd7 19. Re3 Rae8 20. Rfe1 Kh8 21. Qd4 Bh5 22. Ne2 Bxe2 23. R1xe2 Re7 24. b3 Qg4 25. Rf2 Rfe8 26. a3 Rxe4 27. Rxe4 Rxe4 28. Qc3 Rxf4 29. Rxf4 Qxf4 30. b4 axb4 31. axb4 Ne4 32. Qd4 Qc1+ 33. Bf1 Nd2 0-1

[Event "European Blitz-ch 2018"]
[Site "Skopje"]
[Date "2018.12.06"]
[Round "4"]
[White "Ivic, Velimir"]
[Black "Banikas, Hristos"]
[Result "1-0"]
[WhiteElo "2497"]
[BlackElo "2601"]
[Annotator "TA"]
[PlyCount "56"]
[EventDate "2018.12.06"]
[EventType "swiss"]
[EventCountry "MKD"]

1. e4 c5 2. Nf3 d6 3. d4 cxd4 4. Nxd4 Nf6 5. Nc3 a6 6. Bg5 e6 7. f4 h6 8. Bh4 Qb6 9. a3 Nbd7 10. Bc4 g5 11. Bf2 Qa5 12. fxg5 hxg5 13. Qe2 Ne5 14. Bb3 Bd7 15. O-O-O Rc8 16. Be1 Qc7 17. Rf1 Be7 18. Kb1 b5 19. Nf3 Nfg4 20. Bg3 Qb6 21. h3 Nxf3 22. Qxf3 Nh6 23. Bf2 Qc7 24. Bd4 Rh7 25. Qh5 Kf8 26. Bf6 Bxf6 27. Rxf6 Ng8 28. Qxh7 Nxf6 1-0

[Event "European Blitz-ch 2018"]
[Site "Skopje"]
[Date "2018.12.06"]
[Round "4"]
[White "Pancevski, Filip"]
[Black "Danov, Radi"]
[Result "0-1"]
[WhiteElo "2495"]
[BlackElo "2324"]
[Annotator "TA"]
[PlyCount "81"]
[EventDate "2018.12.06"]
[EventType "swiss"]
[EventCountry "MKD"]
[SourceTitle "playchess.com"]
[Source "ChessBase"]
[SourceQuality "1"]

1. c4 Nf6 2. g3 c5 3. Bg2 Nc6 4. Nc3 g6 5. a3 Bg7 6. Rb1 O-O 7. b4 d6 8. d3 a5 9. bxc5 dxc5 10. Nf3 Nd7 11. Na4 b6 12. Be3 Rb8 13. Bf4 e5 14. Bg5 Qc7 15. O-O Bb7 16. Be3 h6 17. Nc3 Nd4 18. Bxd4 cxd4 19. Nb5 Qd8 20. Nd2 Bxg2 21. Kxg2 Nc5 22. Qc2 f5 23. Nb3 Ne6 24. a4 Rc8 25. Nd2 Kh7 26. Rb2 Qd7 27. Kg1 g5 28. Rfb1 Rf7 29. Na3 Bf8 30. Nb5 Bc5 31. Qd1 g4 32. Qf1 Ng5 33. Qg2 Rcf8 34. Nb3 Bb4 35. Rc2 f4 36. c5 fxg3 37. c6 gxh2+ 38. Kh1 Qc8 39. c7 Rxf2 40. Qd5 Qf5 41. Nd2 0-1

[Event "European Blitz-ch 2018"]
[Site "Skopje"]
[Date "2018.12.06"]
[Round "4"]
[White "Milanovic, Danilo"]
[Black "Kashtanov, Ruslan"]
[Result "1/2-1/2"]
[WhiteElo "2494"]
[BlackElo "2376"]
[Annotator "TA"]
[PlyCount "161"]
[EventDate "2018.12.06"]
[EventType "swiss"]
[EventCountry "MKD"]
[SourceTitle "playchess.com"]
[Source "ChessBase"]
[SourceQuality "1"]

1. d4 Nf6 2. Bf4 c5 3. e3 Qb6 4. Nc3 d5 5. Nb5 Na6 6. c3 Bd7 7. a4 c4 8. b3 cxb3 9. Qxb3 Nh5 10. Bg5 e6 11. Be2 Nf6 12. Bf4 Bc6 13. Nf3 Be7 14. O-O O-O 15. h3 Ne4 16. Rfc1 Qd8 17. Ne5 Be8 18. c4 Nd2 19. Qb2 Nxc4 20. Nxc4 dxc4 21. Rxc4 Bc6 22. Rac1 Qd7 23. Nc3 Rac8 24. e4 Bf6 25. Qd2 Rfd8 26. Be3 Nc7 27. Bf3 Qe8 28. Rd1 a6 29. Qc2 b5 30. axb5 axb5 31. Rc5 Na6 32. Rh5 g6 33. Rh6 b4 34. Ne2 Ba4 35. Qd2 Bxd1 36. Qxd1 Bg7 37. Rh4 Rb8 38. Nc1 Qe7 39. Rg4 h5 40. Rg3 Rdc8 41. Bxh5 b3 42. Nxb3 Qa3 43. Bf4 Qa2 44. Bxb8 Rxb8 45. Be2 Nb4 46. Nc5 Rd8 47. d5 exd5 48. Bf3 Bf6 49. exd5 Nxd5 50. Ne4 Be7 51. Qe1 Nf4 52. Qe3 Qa1+ 53. Kh2 Qe5 54. Nc3 Qxe3 55. fxe3 Nd3 56. Rg4 Ne5 57. Rd4 Rc8 58. Nd5 Bg5 59. Kg3 Kg7 60. h4 Bd8 61. Kf2 Rc2+ 62. Kg3 Rc8 63. Kf4 Nc6 64. Rc4 Na7 65. Rxc8 Nxc8 66. g3 Nd6 67. Bg4 Nc4 68. Bd7 Nd6 69. e4 f6 70. Be6 Nb7 71. e5 fxe5+ 72. Kxe5 Nc5 73. Bh3 Ba5 74. Kf4 Nd3+ 75. Ke3 Nc5 76. Kf3 Nd3 77. Bf1 Ne5+ 78. Ke4 Nf7 79. Bd3 Be1 80. Kf3 Ne5+ 81. Ke4 1/2-1/2

[Event "European Blitz-ch 2018"]
[Site "Skopje"]
[Date "2018.12.06"]
[Round "4"]
[White "Dvirnyy, Danyyil"]
[Black "Jusic, Zdenko"]
[Result "1-0"]
[WhiteElo "2485"]
[BlackElo "2259"]
[Annotator "TA"]
[PlyCount "54"]
[EventDate "2018.12.06"]
[EventType "swiss"]
[EventCountry "MKD"]
[SourceTitle "playchess.com"]
[Source "ChessBase"]
[SourceQuality "1"]

1. e4 d6 2. d4 Nf6 3. Nc3 e5 4. Nf3 exd4 5. Nxd4 Be7 6. g3 O-O 7. Bg2 a6 8. O-O Re8 9. h3 h6 10. Bf4 Bf8 11. Qd2 Nbd7 12. Rad1 Ne5 13. b3 b5 14. Nd5 g5 15. Bxe5 dxe5 16. Nc6 Qd6 17. Qc3 Bb7 18. Nde7+ Bxe7 19. Rxd6 Bxd6 20. Rd1 a5 21. Nxa5 b4 22. Qf3 Bxe4 23. Qxf6 Bxg2 24. Kxg2 Rxa5 25. Qxh6 e4 26. Re1 Re6 27. Qh5 Rc5 1-0

[Event "European Blitz-ch 2018"]
[Site "Skopje"]
[Date "2018.12.06"]
[Round "4"]
[White "Nestorovic, Nikola"]
[Black "Navara, David"]
[Result "0-1"]
[WhiteElo "2460"]
[BlackElo "2736"]
[Annotator "TA"]
[PlyCount "55"]
[EventDate "2018.12.06"]
[EventType "swiss"]
[EventCountry "MKD"]

1. e4 c6 2. d4 d5 3. e5 Bf5 4. h4 Qc7 5. Nd2 c5 6. c3 cxd4 7. cxd4 Nc6 8. Ndf3 e6 9. a3 Nge7 10. Bd3 Bg4 11. Be3 Nf5 12. Ne2 Be7 13. h5 O-O-O 14. Rc1 Kb8 15. b4 Qb6 16. Bxf5 Bxf5 17. O-O Bg4 18. Ng3 f6 19. Bf4 Ka8 20. Re1 Bxf3 21. Qxf3 Nxd4 22. Qe3 Rc8 23. Qd3 Rxc1 24. Rxc1 Nc6 25. exf6 Bxf6 26. b5 Ne5 27. Qe2 Nc4 28. a4 0-1

[Event "European Blitz-ch 2018"]
[Site "Skopje"]
[Date "2018.12.06"]
[Round "4"]
[White "Nikcevic, Nebojsa"]
[Black "Djukic, Nikola"]
[Result "0-1"]
[WhiteElo "2434"]
[BlackElo "2574"]
[Annotator "TA"]
[PlyCount "102"]
[EventDate "2018.12.06"]
[EventType "swiss"]
[EventCountry "MKD"]

1. d4 Nf6 2. c4 c5 3. d5 b5 4. cxb5 a6 5. f3 axb5 6. e4 Qa5+ 7. Bd2 b4 8. Na3 d6 9. Nc4 Qc7 10. a4 bxa3 11. Rxa3 Rxa3 12. bxa3 g6 13. Qa4+ Nbd7 14. Bd3 Bg7 15. Ne2 O-O 16. O-O e6 17. dxe6 fxe6 18. e5 Nxe5 19. Nxe5 dxe5 20. Ng3 Rd8 21. Ba5 Qa7 22. Bb5 Rd4 23. Bc4 Rxc4 24. Qxc4 Qxa5 25. Rb1 Bf8 26. h3 Qa6 27. Qc3 Qd6 28. Kh1 Qd4 29. Qc2 c4 30. Rb8 Qc5 31. Ne2 Bd6 32. Ra8 Kg7 33. Nc3 Bb7 34. Rd8 Be7 35. Rd2 Nh5 36. Rd7 Bc8 37. Ne4 Qxa3 38. Rc7 Ba6 39. Ra7 Nf4 40. Kh2 h5 41. Ng5 Qd6 42. g3 Nd3 43. Ne4 Qa3 44. Qd2 h4 45. Qg5 Kf8 46. Qh6+ Ke8 47. Qh8+ Bf8 48. Nf6+ Kd8 49. Rd7+ Kc8 50. gxh4 Qb2+ 51. Kg3 Qf2+ 0-1

[Event "European Blitz-ch 2018"]
[Site "Skopje"]
[Date "2018.12.06"]
[Round "4"]
[White "Saveliev, Alexei"]
[Black "Potapov, Pavel"]
[Result "0-1"]
[WhiteElo "2360"]
[BlackElo "2516"]
[Annotator "TA"]
[PlyCount "68"]
[EventDate "2018.12.06"]
[EventType "swiss"]
[EventCountry "MKD"]

1. e4 c5 2. Nf3 Nc6 3. Nc3 e5 4. Bc4 Be7 5. O-O d6 6. d3 Nf6 7. Ng5 O-O 8. f4 exf4 9. Bxf4 Na5 10. Bb3 Nxb3 11. axb3 h6 12. Nf3 Bg4 13. Qe1 Qd7 14. Qf2 b6 15. h3 Be6 16. Bh2 d5 17. e5 Ne8 18. Ne2 d4 19. Nf4 Kh7 20. Nd2 Nc7 21. Ne4 Nd5 22. Nxd5 Bxd5 23. Nd6 Qe6 24. Nf5 Bg5 25. Qg3 g6 26. Nd6 f5 27. exf6 Rxf6 28. Rxf6 Qxf6 29. Kh1 a5 30. Qg4 Rf8 31. Re1 Be3 32. Qd7+ Kh8 33. Ne8 Bxg2+ 34. Kxg2 Qf3# 0-1

[Event "European Blitz-ch 2018"]
[Site "Skopje"]
[Date "2018.12.06"]
[Round "4"]
[White "Ristic, Nenad"]
[Black "Cheparinov, Ivan"]
[Result "0-1"]
[WhiteElo "2357"]
[BlackElo "2709"]
[Annotator "TA"]
[PlyCount "68"]
[EventDate "2018.12.06"]
[EventType "swiss"]
[EventCountry "MKD"]

1. e4 c6 2. Nc3 d5 3. Nf3 dxe4 4. Nxe4 Nf6 5. Qe2 Bf5 6. Nxf6+ gxf6 7. d4 Qd5 8. Qc4 Qxc4 9. Bxc4 Bxc2 10. O-O Be4 11. Nd2 Bd5 12. Bxd5 cxd5 13. Nb3 e6 14. Bf4 Nc6 15. Rac1 Be7 16. Nc5 Nxd4 17. Rfe1 Rc8 18. b4 b6 19. Nd3 Rxc1 20. Nxc1 Kd7 21. Nd3 Rc8 22. h3 Rc3 23. Re3 Rxd3 24. Rxd3 Ne2+ 25. Kf1 Nxf4 26. Rf3 e5 27. b5 d4 28. h4 d3 29. Ke1 Bd6 30. Kd1 e4 31. Rg3 Ne2 32. Rg7 Bf4 33. Rxf7+ Ke6 34. Rxa7 Nc3+ 0-1